|
|
|
|
| LEADER |
02256nam a22004218i 4500 |
| 001 |
31892 |
| 003 |
BD-DhAAL |
| 005 |
20211212121831.0 |
| 008 |
170710s2016 iau 000 0 eng |
| 999 |
|
|
|c 38191
|d 38191
|
| 010 |
|
|
|a 2015047833
|
| 020 |
|
|
|a 9780078021893 (alk. paper)
|
| 020 |
|
|
|a 0078021898
|
| 040 |
|
|
|a DLC
|b eng
|c DLC
|e rda
|d BD-DhAAL
|
| 042 |
|
|
|a pcc
|
| 050 |
0 |
0 |
|a HC79.E5
|b F47 2016
|
| 082 |
0 |
0 |
|a 333.7
|2 23
|
| 100 |
1 |
|
|a Field, Barry C.,
|e author.
|9 21770
|
| 245 |
1 |
0 |
|a Environmental economics :
|b an introduction /
|c Barry C. Field Amherst and Martha K. Field
|
| 250 |
|
|
|a Seventh Edition.
|
| 260 |
|
|
|a Dubuque :
|b McGraw-Hill Education,
|c 2016.
|
| 300 |
|
|
|a xx, 471 pages :
|b illustrations ;
|c 23 cm.
|
| 490 |
0 |
|
|a The mcgraw-hill series
|
| 500 |
|
|
|a Revised edition of the authors' Environmental economics, 2013.
|
| 504 |
|
|
|a ,
|
| 505 |
0 |
|
|a Introduction : what is environmental economics? -- Analytical tools -- Environmental analysis -- Environmental policy analysis -- Environmental policy in the united states -- Global environmental issues -- Name index -- Subject index.
|
| 526 |
|
|
|a ESS
|
| 541 |
|
|
|e 31892,31893,31894,31895
|
| 650 |
|
0 |
|a Environmental economics.
|9 21771
|
| 650 |
|
0 |
|a Economic development
|x Environmental aspects.
|9 21772
|
| 650 |
|
0 |
|a Economics.
|9 43502
|
| 700 |
1 |
|
|a Field, Martha K.,
|e author.
|9 21773
|
| 852 |
|
|
|a Ayesha Abed Library
|c General Stacks
|
| 942 |
|
|
|2 ddc
|c BK
|
| 952 |
|
|
|0 0
|1 0
|2 ddc
|4 0
|6 333_700000000000000_FIE
|7 0
|9 60881
|a BRACUL
|b BRACUL
|c GEN
|d 2017-07-05
|e Karim International
|g 3700.00
|l 3
|m 28
|o 333.7 FIE
|p 3010031892
|r 2021-11-25
|s 2021-11-07
|t 1
|v 3700.00
|w 2017-07-05
|y BK
|
| 952 |
|
|
|0 0
|1 0
|2 ddc
|4 0
|6 333_700000000000000_FIE
|7 0
|9 60882
|a BRACUL
|b BRACUL
|c GEN
|d 2017-07-05
|e Karim International
|g 3700.00
|l 2
|m 19
|o 333.7 FIE
|p 3010031893
|r 2021-01-12
|s 2020-01-13
|t 2
|v 3700.00
|w 2017-07-05
|y BK
|
| 952 |
|
|
|0 0
|1 0
|2 ddc
|4 0
|6 333_700000000000000_FIE
|7 0
|9 60884
|a BRACUL
|b BRACUL
|c GEN
|d 2017-07-05
|e Karim International
|g 3700.00
|l 4
|m 45
|o 333.7 FIE
|p 3010031894
|r 2020-11-11
|s 2020-01-21
|t 3
|v 3700.00
|w 2017-07-05
|y BK
|
| 952 |
|
|
|0 0
|1 0
|2 ddc
|4 0
|6 333_700000000000000_FIE
|7 0
|9 60944
|a BRACUL
|b BRACUL
|c GEN
|d 2017-07-23
|e Karim International
|f 4
|g 3700.00
|l 2
|m 23
|o 333.7 FIE
|p 3010031895
|r 2018-12-24
|s 2018-10-01
|t 4
|w 2017-07-23
|y BK
|